संशोधन मुक्तावलि -सर आठवा (Record no. 1233117)

MARC details
000 -LEADER
fixed length control field 00743nam a2200193Ia 4500
008 - FIXED-LENGTH DATA ELEMENTS--GENERAL INFORMATION
fixed length control field 151121s9999||||xx |||||||||||||| ||und||
082 ## - DEWEY DECIMAL CLASSIFICATION NUMBER
Classification number 058/मिराशी
082 ## - DEWEY DECIMAL CLASSIFICATION NUMBER
Item number HNW-46660
100 ## - MAIN ENTRY--PERSONAL NAME
Personal name मिराशी वा। वि।
245 ## - TITLE STATEMENT
Title संशोधन मुक्तावलि -सर आठवा
260 ## - PUBLICATION, DISTRIBUTION, ETC. (IMPRINT)
Name of publisher, distributor, etc "विदर्भ संशोधन मंडळ, नागपूर"
260 ## - PUBLICATION, DISTRIBUTION, ETC. (IMPRINT)
Date of publication, distribution, etc --
300 ## - PHYSICAL DESCRIPTION
Extent 248
600 ## - SUBJECT ADDED ENTRY--PERSONAL NAME
Personal name मिराशी वा। वि।
630 ## - SUBJECT ADDED ENTRY--UNIFORM TITLE
Uniform title संशोधन मुक्तावलि -सर आठवा
700 ## - ADDED ENTRY--PERSONAL NAME
Personal name मिराशी वा। वि।
730 ## - ADDED ENTRY--UNIFORM TITLE
Uniform title संशोधन मुक्तावलि -सर आठवा
942 ## - ADDED ENTRY ELEMENTS (KOHA)
Koha item type Book
Holdings
Withdrawn status Lost status Damaged status Not for loan Home library Current library Date acquired Cost, normal purchase price Total Checkouts Full call number Barcode Date last seen Cost, replacement price Price effective from Koha item type
        Hirachand Nemchand Wachanalaya, Solapur Hirachand Nemchand Wachanalaya, Solapur 11/21/2015 10.00   HNW-46660 HNW-46660 11/21/2015 10.00 11/21/2015 Book